000 01161naa a22002897a 4500
001 BR7100139
003 BR-BrBNA
005 20240918173417.0
007 ta
008 230509b bl.||||| |||| 00| 0 por d
040 _aBR-BrBNA
_bpor
_cBiblioteca Nacional de Agricultura
041 _a(Pt)
072 _aF00
_b1950
_b1930
090 _aF00 BR7100139
100 1 _aRocha, G.L. da
111 1 _aSeminario sobre Metodologia e Planejamento de Pesquisa com Leguminosas Tropicais
_cCampos, RJ (Brazil)
_d25 Jul 1970
245 1 _aIntroducao e selecao de leguminosas forrageiras tropicais [Pratica cultural; Trifolium subterraneum; Medicago truncatula; Stylosanthes numilis; Graminea; Echinolchloa]
260 3 _aBrasilia, DF (Brasil):
_c1971.
500 _aAs leguminosas na agricultura tropical Brasilia, DF (Brasil): 1971. p. 169-180 (BR7100139-AM)F00
650 _aProducao vegetal
650 _aPratica cultural
650 _aLeguminosa forrageira
650 _aGraminea
773 0 _tAs leguminosas na agricultura tropical
_wF00 BR7100139
_gBrasilia, DF (Brasil), 1971. p. 169-180
909 _a202404
_bLucia
_c55
_dLucia Elande
942 _cAM
_2AGRIS
999 _c304452
_d304452